00528nam a2200193Ii 450000100060000000300090000600800410001502000150005604000330007104100080010408400110011210000310012324500340015426400530018830000120024133600260025333700280027933800270030715049CO-ViMGA241108s9999||||xx |||||||||||||| ||und|| a9588093956 aCO-ViMGAbspaerdacCO-ViMGA0 aspa aC SEP21 aSepúlveda, Luis, d1949-10aAún creemos en los sueños 1aBogotá, Colombia : Ediciones Desde Abajo, 2008 avolumen atextbtxt2rdacontent aunmediatedbn2rdamedia avolumebnc2rdacarrier